Les 100 meilleurs passeurs décisifs de l'histoire - Statistiques

Statistiques générales
  • Ce quiz a été pris 563 fois
  • Le résultat moyen est 36 sur 100
Statistiques - réponses
Club Année Joueur Passes décisives Ratio % Correct
Inter Miami 2004-... Lionel Messi 331 0.36
100%
Al Nassr 2002-… Cristiano Ronaldo 263 0.26
96%
Bayern Munich 2008-... Thomas Müller 290 0.40
94%
Al Hilal 2009-... Neymar 271 0.46
89%
Benfica 2005-... Angel Di Maria 282 0.38
85%
Emirates Club 2002-… Andrés Iniesta 193 0.22
83%
Barcelone/Real Madrid 1990-2009 Luis Figo 283 0.39
83%
Barcelone 1997-2019 Xavi 236 0.25
83%
Manchester City 2008-… Kevin De Bruyne 251 0.42
81%
Barcelone/AC Milan 1998-2016 Ronaldinho 269 0.37
78%
Naples 1976-1997 Diego Maradona 257 0.43
77%
Arsenal 1994-2014 Thierry Henry 245 0.30
76%
Ittihad Club 2005-… Karim Benzema 207 0.25
75%
Arsenal/Real Madrid 2006-2023 Mezut Özil 267 0.43
74%
Manchester United/Real Madrid 1992-2013 David Beckham 279 0.38
73%
Grêmio 2005-... Luis Suarez 279 0.35
73%
Real Madrid 2003-... Luka Modric 143 0.17
73%
Jugentus/Real Madrid 1988-2006 Zinédine Zidane 189 0.27
72%
Real Madrid 2007-... Toni Kroos 169 0.24
69%
Bayern Munich 2000-2022 Franck Ribéry 255 0.35
67%
Bayern Munich 2000-2021 Arjen Robben 239 0.38
66%
AC Milan/Real Madrid 2001-2017 Kaká 184 0.28
65%
LOSC/Chelsea 2007-2023 Eden Hazard 191 0.30
62%
Santos FC 1956-1977 Pelé 160 0.22
62%
Liverpool 1998-2016 Steven Gerrard 178 0.23
61%
Inter Milan/PSG 1999-2023 Zlatan Ibrahimovic 226 0.26
61%
Chelsea 1995-2016 Frank Lampard 191 0.20
60%
Ajax Amsterdam/Barcelone 1964-1984 Johan Cruyff 181 0.27
59%
Tottenham Hotspur/Real Madrid 2006-2022 Gareth Bale 161 0.29
58%
Manchester United 2002-2021 Wayne Rooney 189 0.24
57%
As Rome 1993-2017 Francesco Totti 219 0.27
56%
Manchester United 1991-2014 Ryan Giggs 221 0.23
55%
Dortmund 2007-... Marco Reus 161 0.28
53%
Barcelone 2006-... Robert Lewandowski 172 0.22
52%
FC Séville/Barcelone 2001-2023 Dani Alves 228 0.25
51%
Manchester City 2003-2023 David Silva 218 0.27
50%
Chelsea 1998-2018 Didier Drogba 145 0.21
47%
Nancy-Lorraine/Juventus 1972/1987 Michel Platini 168 0.28
47%
Barcelone 1997-2019 Samuel Eto'o 157 0.19
45%
Real Madrid 1994-2015 Raul Gonzalez 173 0.18
43%
Barcelone 1990-2015 Rivaldo 230 0.25
40%
Arsenal/Chelsea 2003-2023 Cesc Fabregas 252 0.34
39%
Vasco de Gama 2004-… Dimitri Payet 190 0.26
36%
FC Porto-Barcelone 1996-2013 Deco 150 0.25
34%
Juventus 1991-2015 Alessandro Del Piero 161 0.20
32%
Ajax Amsterdam/Arsenal 1986-2006 Dennis Bergkamp 144 0.19
30%
Ajax Amsterdam 2006-… Dusan Tadic 245 0.35
30%
Naples/PSG 2003-2021 Ezequiel Lavezzi 162 0.28
30%
Inter Milan 2005-… Alexis Sanchez 193 0.25
29%
Shanghai Port 2009-... Oscar 171 0.34
29%
Zénith Saint-Pétersbourg/Arsenal 2000-2018 Andrei Arshavin 218 0.31
28%
Ajax Amsterdam/Galatasaray 2002-2019 Wesley Sneijder 174 0.30
28%
Atlético Mineiro 2004-… Hulk 204 0.28
27%
Boca Juniors 1996-2014 Juan Roman Riquelme 240 0.40
27%
Bayern Munich/Lazio Rome 1998-2016 Miroslav Klose 166 0.24
26%
FC Porto/Beşiktaş JK 2001-2022 Ricardo Quaresma 188 0.27
26%
Bayern Munich 2002-2019 Bastian Schweinsteiger 152 0.24
25%
Sao Paulo 2007-... James Rodriguez 166 0.33
25%
Adana Demirspor 2005-... Nani 163 0.27
25%
PSV Eindhoven/Vasco da Gama 1985-2009 Romario 157 0.17
25%
Chelsea 2012-... Raheem Sterling 156 0.30
23%
Galatasaray SK 2005-… Dries Mertens 215 0.28
22%
Real Madrid/AC Milan 2002-2020 Robinho 170 0.21
21%
Séville 2003-... Jésus Navas 161 0.17
20%
Fulham 2006-... Willian 161 0.21
20%
Vissel Kobe 2007-... Juan Mata 167 0.25
18%
Fenerbahçe 2003-... Edin Dzeko 166 0.21
17%
Los Angeles Galaxy 2001-2019 Landon Donovan 212 0.43
16%
Galatasaray/Atlético de Madrid 2005-2022 Ardan Turan 152 0.29
13%
FC Utrecht/Liverpool 1998-2017 Dirk Kuyt 170 0.21
13%
Betis Séville 1999-2023 Joaquin 145 0.16
13%
Manchester United 2010-… Christian Eriksen 188 0.31
12%
Palmeiras/Fenerbahçe 1995-2014 Alex De Souza 169 0.17
11%
Apollon Limassol 2006-... Mathieu Valbuena 173 0.23
11%
Deportivo Cali/Montpellier 1981-2004 Carlos Valderrama 237 0.36
9%
Real Oviedo 2003-... Santi Cazorla 149 0.20
9%
Górnik Zabrze 2003-... Lukas Podolski 147 0.23
8%
Braga 2004-... João Moutinho 146 0.17
7%
Inter Milan 2006-... Henrikh Mkhitaryan 159 0.23
6%
Liverpool/Real Madrid 1989-2005 Steve McManaman 182 0.32
6%
Milan AC 1958-1979 Gianni Rivera 157 0.23
4%
Chakhtar Donetsk 1999-2019 Darijo Srna 154 0.24
3%
Galatasaray 2012-... Hakim Ziyech 144 0.35
3%
Borussia Dortmund 1985-2004 Andreas Möller 149 0.30
2%
River Plate 1991-2012 Ariel Ortega 179 0.34
2%
Coquimbo Unido 2000-... Esteban Paredes 156 0.25
2%
Majorque/Borussia M'gladbach 1999-2017 Juan Arango 189 0.31
2%
Debreven VSC 2004-… Balázs Dzsudzsák 189 0.34
1%
Sparta Prague 2006-... Borek Dockal 148 0.30
1%
América de Cali 2006-... Darwin Quintero 145 0.21
1%
Lokomotiv Moscou 1990-2017 Dmitri Loskov 165 0.27
1%
BATE Borisov 2004-2022 Igor Stasevich 208 0.34
1%
Club Necaxa 2003-... Jorge Valdivia 170 0.34
1%
Club Bolivar/D.C United 1986-2006 Marco Etcheverry 266 0.55
1%
Wolfsberger AC 2003-… Michael Liendl 186 0.43
1%
RSC Anderlecht 2004/2020 Moubarak Boussoufa 174 0.31
1%
Revolution de la Nouvelle-Angleterre 1996-2010 Steve Ralston 154 0.35
1%
Gamba Osaka 1998-… Yasuhito Endo 216 0.22
1%
Werder Brême/Salzbourg 2004-2022 Zlatko Junuzovic 160 0.28
1%
VfL Bochum 2000-2017 Zvjezdan Misimovic 170 0.33
1%
Aucun quiz correspondant
Distribution des résultats
% des personnes avec chaque résultat
Percentile par nombre de réponses
Votre historique - résultats
Vous n’avez pas pris ce quiz